[Event "ALG-ch"]
[Site "Tichy"]
[Date "2022.10.19"]
[Round "3"]
[White "Brahami, Lyes"]
[Black "Moulay, Mehdi"]
[Result "1-0"]
[WhiteElo "1934"]
[BlackElo "1990"]
[PlyCount "68"]
[EventDate "2022.10.18"]
[EventType "swiss"]
[EventRounds "9"]
[EventCountry "ALG"]
[SourceTitle "EXT 2024"]
[Source "ChessBase"]
[SourceDate "2023.10.10"]
[SourceVersion "1"]
[SourceVersionDate "2023.10.10"]
[SourceQuality "1"]

1. d4 Nf6 2. Nf3 e6 3. e3 b6 4. Be2 Be7 5. c4 Bb7 6. Nc3 d5 7. 0-0 0-0 8. b3 Nbd7 9. Bb2 c5 10. Rc1 Ne4 11. Nxe4 dxe4 12. Nd2 cxd4 13. exd4 Bg5 14. Rc2 Bf4 15. Re1 e3 16. Nf1 exf2+ 17. Kxf2 Be4 18. Bd3 Bxd3 19. Qxd3 Re8 20. g3 Bd6 21. a3 e5 22. Kg2 exd4 23. Rxe8+ Qxe8 24. Re2 Ne5 25. Qxd4 Qc6+ 26. Qe4 Qxe4+ 27. Rxe4 Nc6 28. Ne3 Rc8 29. Nf5 Bf8 30. Nh6+ Kh8 31. Nxf7+ Kg8 32. Ne5 Re8 33. Kf3 Nxe5+ 34. Rxe5 Rd8 1-0